• 首页
  • 本馆介绍
  • 公告通知
  • 最新文献
  • 馆藏检索
  • 电子资源
  • 读者导购
  • 参考咨询
  • 我的图书馆
  • 登录
  • 详细信息显示
  • 放入我的书架
  • 预约/预借图书
  • 作者相关作品
  • 分类相关作品
  • 丛书相关作品
  • 出版社相关作品

书目信息

  • 表格格式
  • 工作单格式
  • 卡片格式
题名:
非线性发展方程
    
 
作者: 李大潜 , 陈韵梅 著
分册:  
出版信息: 北京   科学出版社  1989.12
页数: 223页
开本: 32开
丛书名: 现代数学基础丛书
单 册:
中图分类: O175.8
科图分类:
主题词: 数学分析
电子资源:
ISBN: 7-03-001277-1
000 00657nam0 2200229 45
001 0110240982
005 20031219104051.2
010    @a7-03-001277-1@dCNY15.00
100    @a20011024d1989 km y0chiy0120 ea
101 0  @achi
105    @a z 000yy
200 1  @a非线性发展方程@AFei Xian Xing Fa Zhan Fang Cheng@f李大潜,陈韵梅著@FLi Da Qian,Chen Yun Mei Zhu
210    @a北京@c科学出版社@d1989.12
215    @a223页@d32开
225    @a现代数学基础丛书
410    @12001 @a现代数学基础丛书
606 0  @a数学分析
690    @aO175.8@v4
701    @a李大潜@4著
701  0 @a陈韵梅@4著
801    @aCN@bTSTC@c20011024
905    @f5@b299789-793@dO175.8@e79
    
    非线性发展方程/李大潜,陈韵梅著.-北京:科学出版社,1989.12
    223页;32开.-(现代数学基础丛书)
    
    
    ISBN 7-03-001277-1:CNY15.00
    
●
相关链接 在E读中查询图书 在五车中查询图书 在当当中查询图书 在豆瓣中查询图书


正题名:非线性发展方程     索取号:O175.8/79         预约/预借

序号 登录号 条形码 馆藏地/架位号 状态 备注
1 0299789   202997891   第三借阅区/ [索取号:O175.8/79] 在馆    
2 0299790   202997908   第三借阅区/ [索取号:O175.8/79] 在馆    
3 0299791   202997917   第三借阅区/ [索取号:O175.8/79] 在馆    
4 0299792   202997926   第三借阅区/ [索取号:O175.8/79] 在馆    
5 0299793   202997935   第二样本阅览室/ [索取号:O175.8/79] 在馆    
唐山师范学院图书馆 欢迎您!
大连网信软件有限公司© 版权所有